| 000 | 01880cam a22004697i 4500 | ||
|---|---|---|---|
| 001 | 1927 | ||
| 003 | FISKH | ||
| 005 | 20251021121253.0 | ||
| 008 | 160205s2010 enka j 000 0 eng | ||
| 010 | _a 2015458858 | ||
| 015 |
_aGBA992683 _2bnb |
||
| 016 | 7 |
_a015376256 _2Uk |
|
| 020 |
_a9781407107103 _q(pbk.) |
||
| 020 |
_a1407107100 _q(pbk.) |
||
| 035 | _a(OCoLC)ocn440120480 | ||
| 040 |
_aUKM _beng _cUKM _erda _dSINLB _dYDXCP _dOH# _dOCLCF _dOCLCO _dOCLCQ _dDLC |
||
| 042 | _alccopycat | ||
| 050 | 0 | 0 |
_aQA445.5 _b.P77 2010 |
| 082 | 0 | 4 |
_a516.15 _222 |
| 100 | 1 | _aPoskitt, Kjartan. | |
| 245 | 1 | 0 |
_aSavage shapes / _cKjartan Poskitt ; illustrated by Philip Reeve. |
| 260 |
_aLondon : _bScholastic, _c2010. |
||
| 300 |
_a160 pages : _billustrations ; _c20 cm. |
||
| 336 |
_atext _btxt _2rdacontent |
||
| 337 |
_aunmediated _bn _2rdamedia |
||
| 338 |
_avolume _bnc _2rdacarrier |
||
| 490 | 1 | _aMurderous maths | |
| 505 | _aZ' | ||
| 520 | _aUsing a host of hilarious characters, Kjartan Poskitt presents all the tricks, tips and shortcuts to shapes they don't teach at school. Readers will find out how to command respect throughout the entire Universe, learn why the US defence headquarters is a pentagon, and discover the quickest way to get a naked Colonel back to his beach hut. | ||
| 521 | 8 |
_a1000
_bLexile |
|
| 521 | 8 |
_aZ'
_bRaz-Plus |
|
| 650 | 0 |
_aShapes _vJuvenile literature. |
|
| 650 | 0 |
_aGeometrical constructions _vJuvenile literature. |
|
| 650 | 7 |
_aGeometrical constructions. _2fast _0(OCoLC)fst00940840 |
|
| 650 | 7 |
_aShapes. _2fast _0(OCoLC)fst01115245 |
|
| 655 | 7 |
_aJuvenile works. _2fast _0(OCoLC)fst01411637 |
|
| 700 | 1 |
_aReeve, Philip. _eillustrator |
|
| 800 | 1 |
_aPoskitt, Kjartan. _tMurderous maths. |
|
| 906 |
_a7 _bcbc _ccopycat _d2 _encip _f20 _gy-gencatlg |
||
| 942 |
_2ddc _cBK _n0 |
||
| 999 |
_c1927 _d1927 |
||